Voc anglais : Migration et immigration - Statistiques

Statistiques générales
  • Ce quiz a été pris 5 fois
  • Le résultat moyen est 7 sur 53
Statistiques - réponses
Hint Réponse % Correct
un réfugié a refugee
100%
une fuite des cerveaux a brain drain
50%
un douanier a customs officer
50%
un étranger a foreigner
50%
un emploi mal rémunéré a low-paid job
50%
un emploi peu qualifié a low-skilled job
50%
un ressortissant étranger an alien
50%
un ressortissant a national
50%
un clandestin an illegal
50%
réaliser un rêve to make a dream come true
50%
s'établir, s'installer to settle
50%
la xénophobie xenophobia
50%
un retour de bâton a backlash
0%
un concierge a caretaker (UK), a janitor (US)
0%
un travailleur occasionnel a casual worker
0%
un campagnard, un compatriote a countryman
0%
un creuset a melting pot
0%
un emploi subalterne a menial job
0%
une minorité exemplaire a model minority
0%
un atout an asset
0%
un autochtone a native, a local
0%
un travailleur clandestin an undocumented worker
0%
un parent (membre de la famille) a relative
0%
un saladier a salad bowl
0%
un bouc émissaire a scapegoat
0%
un colon a settler
0%
une pénurie (de) a shortage (in)
0%
un passeur a smuggler
0%
un flot a stream, a flow
0%
la surveillance des frontières border controls
0%
la citoyenneté citizenship
0%
barrière fence
0%
le travail au noir moonlighting
0%
le pluralisme des cultures multiculturalism
0%
les maux de la société social ills
0%
le seuil de tolérance the threshold of tolerance
0%
attirer/séduire quelqu'un to appeal to someone
0%
appartenir à to belong to
0%
tirer avantage de to benefit from
0%
être déraciné to be uprooted
0%
'intégrer to blend (in)
0%
revendiquer to claim
0%
grimper l'échelle sociale to climb to social ladder
0%
dissuader qq (de faire qqchose) to deter so from (doing st)
0%
entrer clandestinement dans un pays to enter a country illegally
0%
inonder to flood
0%
s'exiler to go into exile
0%
accorder la citoyenneté to grant citizenship
0%
désirer ardemment to long for
0%
mépriser qq to look down on/upon so
0%
pratiquer sa religion to practise one's faith
0%
claquer la porte au nez to slam the door shut
0%
l'ascension professionnelle upward mobility
0%
Aucun quiz correspondant
Distribution des résultats
% des personnes avec chaque résultat
Percentile par nombre de réponses
Votre historique - résultats
Vous n’avez pas pris ce quiz